000 00730nam a2200241 a 4500
999 _c335
_d335
001 335
003 BD-JhCC
005 20220606134024.0
008 171004s20131964ben |||| ||a| 00| 0 ben d
020 _a9844651506
035 _a(BD-JhCC)335
040 _aBD-JhCC
_dBD-JhCC
041 _aben
082 _223
_a891.4435
_bHAQ 2013
100 _aহক, হাসান আজিজুল
245 _aআত্মজা ও একটি করবী গাছ /
_c হাসান আজিজুল হক
260 _aঢাকা :
_bসাহিত্য প্রকাশনী,
_c2013
300 _a94 p. :
_c22 cm.
650 _aShort stories, Bengali
651 _aBangladesh
942 _2ddc
_cBK
_01